| 000 -ლიდერი |
| ფიქსირებული სიგრძის საკონტროლო ველი |
02727nam a2200301Ia 4500 |
| 001 - საკონტროლო ნომერი |
| საკონტროლო ველი |
17621 |
| 003 - საკონტროლო ნომრის იდენტიფიკატორი |
| საკონტროლო ველი |
GE_BSU |
| 005 - ბოლო ოპერაციის თარიღი და დრო |
| საკონტროლო ველი |
20200220124847.0 |
| 008 - ფიქსირებული სიგრძის მონაცემთა ელემენტები - ზოგადი ინფორმაცია |
| ფიქსირებული სიგრძის საკონტროლო ველი |
181216s2011 xx |||||||||||||| ||geo|| |
| 020 ## - წიგნის საერთაშორისო სტანდარტული ნომერი |
| International Standard Book Number |
9781847102324 |
| 040 ## - კატალოგიზაციის წყარო |
| Transcribing agency |
GE_BSU |
| 041 ## - ენის კოდი |
| Language code of text/sound track or separate title |
geo |
| 080 ## - უნივერსალური ათობითი კლასიფიკაციის ინდექსი |
| Universal Decimal Classification number |
657.1 მ-30 |
| 245 ## - ცნობა სათაურის შესახებ |
| Title |
მმართველობითი აღრიცხვა = Management Accounting: სრული ტექსტი: წიგნი F 2 / |
| Statement of responsibility, etc |
მთარგმნელი: ბაბი ალავერდაშვილი ; რედ: ია გიაშვილი ; ნინო ბოლოკაძე ; მანანა გველესიანი. |
| 250 ## - გამოცემის ცნობა |
| Edition statement |
მე-2 გადამუშავებული გამოცემა |
| 264 ## - წარმოების, გამოცემის, დისტრიბუციის და სხვა ცნობები |
| გამოცემის, წარმოების, დისტრიბუციის... ადგილი |
თბილისი : |
| გამოცემის, წარმოების, დისტრიბუციის... სახელწოდება |
შპს "დანი |
| გამოცემის, წარმოების, დისტრიბუციის... თარიღი |
2011. |
| 300 ## - ფიზიკური აღწერა |
| Extent |
448 გვ.: |
| Other physical details |
ცხრ; |
| Dimensions |
29 სმ. |
| 440 ## - სერიის ცნობა / დამატებულია ჩანაწერი - სათაური |
| Title |
ACCA ინგლისისა და უელსის ნაფიც სერთიფიცირებულ ბუღალტერთა ასოციაცია |
| 9 (RLIN) |
7240 |
| 653 ## - INDEX TERM--UNCONTROLLED |
| Uncontrolled term |
ბუღალტერია |
| 653 ## - INDEX TERM--UNCONTROLLED |
| Uncontrolled term |
მმართველობით აღრიცხვა. |
| 653 ## - INDEX TERM--UNCONTROLLED |
| Uncontrolled term |
მმართველობითი აღრიცხვის არსი და დანიშნულება -- დანახარჯების ტიპები და ქცევა -- ბიზნესის მათემატიკა -- მარგის შეკვეთა და აღრიცხვა -- შეკვეთის მოცულობა და მორიგი შეკვეთის დონეები -- შრომითი დანახარჯების აღრიცხვა -- ზედნადები ხარჯების აღრიცხვა -- კალკულაცია ზღვრული დანახარჯებით |
| 653 ## - INDEX TERM--UNCONTROLLED |
| Uncontrolled term |
წიგნი გათვალისწინებულია ბუღალტერთა და აუდიტორთა პროფესიული სერთიფიცირებისათვის და აუდიტთა პროფესიული სერტიფიცირებისათვის. |
| 700 ## - ADDED ENTRY--PERSONAL NAME |
| Personal name |
ალავერდაშვილი, ბაბი |
| Relator term |
მთარგმნელი |
| 9 (RLIN) |
7241 |
| 700 ## - ADDED ENTRY--PERSONAL NAME |
| Personal name |
გიაშვილი, ია |
| Relator term |
რედაქტორი |
| 9 (RLIN) |
7242 |
| 700 ## - ADDED ENTRY--PERSONAL NAME |
| Personal name |
ბოლოკაძე, ნინო |
| Relator term |
რედაქტორი |
| 9 (RLIN) |
7243 |
| 700 ## - ADDED ENTRY--PERSONAL NAME |
| Personal name |
გველესიანი, მანანა |
| Relator term |
რედაქტორი |
| 9 (RLIN) |
7244 |
| 942 ## - ADDED ENTRY ELEMENTS (KOHA) |
| Koha item type |
წიგნი |
| Source of classification or shelving scheme |
|